<?xml version="1.0" encoding="UTF-8"?>
<record
    xmlns:xsi="http://www.w3.org/2001/XMLSchema-instance"
    xsi:schemaLocation="http://www.loc.gov/MARC21/slim http://www.loc.gov/standards/marcxml/schema/MARC21slim.xsd"
    xmlns="http://www.loc.gov/MARC21/slim">

  <leader>01850nam a2200337 a 4500</leader>
  <controlfield tag="003">DO-SdBNP</controlfield>
  <controlfield tag="005">20250120115839.0</controlfield>
  <controlfield tag="007">ta</controlfield>
  <controlfield tag="008">220530e20182017dr ao||fr|||| 001 e spa d</controlfield>
  <datafield tag="020" ind1=" " ind2=" ">
    <subfield code="a">9789945610123</subfield>
  </datafield>
  <datafield tag="040" ind1=" " ind2=" ">
    <subfield code="a">DO-SdBNP</subfield>
    <subfield code="b">spa</subfield>
    <subfield code="c">BNPHU</subfield>
  </datafield>
  <datafield tag="082" ind1=" " ind2="4">
    <subfield code="2">22</subfield>
    <subfield code="b">K29s 2018</subfield>
  </datafield>
  <datafield tag="100" ind1="1" ind2=" ">
    <subfield code="9">33627</subfield>
    <subfield code="a">Kelsen, Hans,</subfield>
    <subfield code="d">1881-1973</subfield>
  </datafield>
  <datafield tag="245" ind1="1" ind2="0">
    <subfield code="a">Sobre la jurisdicci&#xF3;n constitucional. /</subfield>
    <subfield code="c">Hans Kelsen; Pr&#xF3;logo, Luis Cervantes Li&#xF1;&#xE1;n, Herm&#xF3;genes Acosta de Los Santos; Editior, Domingo Garc&#xED;a Belaunde; Traductor; Rolando Tamayo y Salmor&#xE1;n.. [et. al].</subfield>
  </datafield>
  <datafield tag="260" ind1=" " ind2=" ">
    <subfield code="a">Santo Domingo :</subfield>
    <subfield code="b">Tribunal Constitucional,</subfield>
    <subfield code="c">2018</subfield>
  </datafield>
  <datafield tag="300" ind1=" " ind2=" ">
    <subfield code="a">363 p. :</subfield>
    <subfield code="b">il., fotogr. ;</subfield>
    <subfield code="c">26 cm.</subfield>
  </datafield>
  <datafield tag="500" ind1=" " ind2=" ">
    <subfield code="a">Incluye bibliograf&#xED;a y notas al pi&#xE9; de p&#xE1;ginas.</subfield>
  </datafield>
  <datafield tag="505" ind1=" " ind2=" ">
    <subfield code="t">Presentaci&#xF3;n a la edici&#xF3;n dominicana de Milton Ray Guevara.--</subfield>
    <subfield code="t">Nota Liminar a la edici&#xF3;n dominicana de Herm&#xF3;genes Acosta de Los Santos.--</subfield>
    <subfield code="t">Presentaci&#xF3;n de Domingo Garc&#xED;a Balaunde.--</subfield>
    <subfield code="t">Liminar de Luis Cervantes Li&#xF1;&#xE1;n.--</subfield>
    <subfield code="t">Para no escribir un pr&#xF3;logo: Observaciones sobre Kelsen y la Jurisdicci&#xF3;n Constitucional. /</subfield>
    <subfield code="r">&#xD3;scar Sarlo.--</subfield>
    <subfield code="g">Primera Parte.</subfield>
    <subfield code="t">Hans Kelsen.--</subfield>
    <subfield code="g">Segunda parte.</subfield>
    <subfield code="t">Estudios.</subfield>
  </datafield>
  <datafield tag="590" ind1=" " ind2=" ">
    <subfield code="a">Inventariado 2022 / MF</subfield>
  </datafield>
  <datafield tag="600" ind1=" " ind2=" ">
    <subfield code="a">Kelsen, Hans</subfield>
    <subfield code="d">1881-1973.</subfield>
    <subfield code="t">Sobre la Jurisdicci&#xF3;n Constitucional.</subfield>
    <subfield code="v"> Cr&#xED;tica e interpretaci&#xF3;n Constitucional.</subfield>
    <subfield code="9">81734</subfield>
  </datafield>
  <datafield tag="650" ind1=" " ind2="4">
    <subfield code="9">56229</subfield>
    <subfield code="a">Derecho Constitucional</subfield>
    <subfield code="z">Rep&#xFA;blica Dominicana</subfield>
  </datafield>
  <datafield tag="700" ind1="1" ind2="0">
    <subfield code="a">Cervantes Lin&#xE1;n, Luis</subfield>
    <subfield code="e">pr&#xF3;l.</subfield>
    <subfield code="9">81727</subfield>
  </datafield>
  <datafield tag="700" ind1="1" ind2="4">
    <subfield code="a">Acosta de los Santos, Herm&#xF3;genes</subfield>
    <subfield code="e">pr&#xF3;l.</subfield>
    <subfield code="9">49375</subfield>
  </datafield>
  <datafield tag="700" ind1=" " ind2="4">
    <subfield code="a">Tamayo y Salmor&#xE1;n, Rolando</subfield>
    <subfield code="9">81728</subfield>
    <subfield code="e">trad.</subfield>
  </datafield>
  <datafield tag="700" ind1=" " ind2="4">
    <subfield code="a">Garc&#xED;a Belaunde, Domingo</subfield>
    <subfield code="e">trad.</subfield>
    <subfield code="9">81731</subfield>
  </datafield>
  <datafield tag="700" ind1=" " ind2="4">
    <subfield code="a">Castillo Benites, Percy</subfield>
    <subfield code="e">trad.</subfield>
    <subfield code="9">81732</subfield>
  </datafield>
  <datafield tag="700" ind1=" " ind2="4">
    <subfield code="a">Garc&#xED;a- Corrochano Moyano, Luis</subfield>
    <subfield code="e">trad.</subfield>
    <subfield code="9">81733</subfield>
  </datafield>
  <datafield tag="710" ind1=" " ind2="4">
    <subfield code="9">75427</subfield>
    <subfield code="a">Tribunal Cosntitucional de la Rep&#xFA;blica Dominicana</subfield>
  </datafield>
  <datafield tag="910" ind1=" " ind2=" ">
    <subfield code="a">MFeliz</subfield>
  </datafield>
  <datafield tag="942" ind1=" " ind2=" ">
    <subfield code="2">ddc</subfield>
    <subfield code="c">LBS1</subfield>
  </datafield>
  <datafield tag="952" ind1=" " ind2=" ">
    <subfield code="0">0</subfield>
    <subfield code="1">0</subfield>
    <subfield code="2">ddc</subfield>
    <subfield code="5">1</subfield>
    <subfield code="7">0</subfield>
    <subfield code="8">PD</subfield>
    <subfield code="a">BNPHU</subfield>
    <subfield code="b">BNPHU</subfield>
    <subfield code="c">HD</subfield>
    <subfield code="d">2019-05-14</subfield>
    <subfield code="e">Dep&#xF3;sito legal / Tribunal Constitucional</subfield>
    <subfield code="l">0</subfield>
    <subfield code="o">K29s 2018</subfield>
    <subfield code="p">2022-2488</subfield>
    <subfield code="r">2022-05-31</subfield>
    <subfield code="w">2022-05-31</subfield>
    <subfield code="y">LBS1</subfield>
  </datafield>
  <datafield tag="952" ind1=" " ind2=" ">
    <subfield code="0">0</subfield>
    <subfield code="1">0</subfield>
    <subfield code="2">ddc</subfield>
    <subfield code="5">1</subfield>
    <subfield code="7">0</subfield>
    <subfield code="8">PD</subfield>
    <subfield code="a">BNPHU</subfield>
    <subfield code="b">BNPHU</subfield>
    <subfield code="c">HD</subfield>
    <subfield code="d">2019-05-14</subfield>
    <subfield code="e">Dep&#xF3;sito legal / Tribunal Constitucional</subfield>
    <subfield code="l">0</subfield>
    <subfield code="o">K29s 2018</subfield>
    <subfield code="p">2022-2489</subfield>
    <subfield code="r">2022-05-31</subfield>
    <subfield code="t">e.2</subfield>
    <subfield code="w">2022-05-31</subfield>
    <subfield code="y">LBS1</subfield>
  </datafield>
  <datafield tag="952" ind1=" " ind2=" ">
    <subfield code="0">0</subfield>
    <subfield code="1">0</subfield>
    <subfield code="2">ddc</subfield>
    <subfield code="5">6</subfield>
    <subfield code="7">0</subfield>
    <subfield code="8">DS</subfield>
    <subfield code="a">BNPHU</subfield>
    <subfield code="b">BNPHU</subfield>
    <subfield code="c">HD</subfield>
    <subfield code="d">2019-05-14</subfield>
    <subfield code="e">Dep&#xF3;sito legal / Tribunal Constitucional</subfield>
    <subfield code="o">K29s 2018</subfield>
    <subfield code="p">2022-2490</subfield>
    <subfield code="r">2022-05-31</subfield>
    <subfield code="t">e.3</subfield>
    <subfield code="w">2022-05-31</subfield>
    <subfield code="y">LBS1</subfield>
  </datafield>
  <datafield tag="999" ind1=" " ind2=" ">
    <subfield code="c">51847</subfield>
    <subfield code="d">51847</subfield>
  </datafield>
</record>
